Cristo el Señor: ensayos teológicos
محفوظ في:
| التنسيق: | كتاب |
|---|---|
| اللغة: | الإسبانية |
| منشور في: |
Bogotá
CELAM
1983
|
| سلاسل: | Consejo Episcopal Latinoamericano, 62
|
| الموضوعات: | |
| الوسوم: |
إضافة وسم
لا توجد وسوم, كن أول من يضع وسما على هذه التسجيلة!
|
MARC
| LEADER | 00000nam a2200000 a 4500 | ||
|---|---|---|---|
| 001 | UCW8499 | ||
| 003 | CL-VaPUC | ||
| 008 | 880914e19830000CK |||||||||||||||||spa|d | ||
| 082 | 0 | 4 | |a 232 |b CRI |2 21 |
| 245 | 1 | 0 | |a Cristo el Señor: ensayos teológicos |
| 300 | |a 386 p | ||
| 942 | |c BK | ||
| 945 | |d 19880914 00:00:00 | ||
| 260 | |a Bogotá |b CELAM |c 1983 | ||
| 600 | 0 | |a Jesús |9 313614 | |
| 583 | |a last modification |c 19880914 00:00:00 |k Rodrigo Vera | ||
| 490 | 0 | |a Consejo Episcopal Latinoamericano, 62 | |
| 999 | |c 220850 |d 220848 | ||
| 952 | |0 0 |1 0 |4 0 |6 232_000000000000000_CRI_1983 |7 0 |8 A |9 213578 |a BIBTEO |b BIBTEO |d 2019-11-15 |i 2819287 |o 232 CRI 1983 |p 2819287 |r 2025-01-17 |w 2019-11-15 |y BK |k ICR | ||